[Event "Reykjavik op"]
[Site "Reykjavik"]
[Date "2025.04.10"]
[Round "3"]
[White "Boer, Alef"]
[Black "Van Meter, Lester"]
[Result "1-0"]
[WhiteElo "2044"]
[BlackElo "1857"]
[PlyCount "89"]
[EventDate "2025.04.09"]
[EventType "swiss"]
[EventRounds "9"]
[EventCountry "ISL"]
[SourceTitle "CB17_2025"]
[SourceDate "2025.04.23"]
[SourceVersion "1"]
[SourceVersionDate "2025.04.23"]
[SourceQuality "1"]

1. e4 c5 2. Nf3 g6 3. c3 d5 4. exd5 Qxd5 5. d4 Nc6 6. Na3 Bg4 7. Be2 0-0-0 8. dxc5 Qe4 9. Qc2 Bxf3 10. gxf3 Qxc2 11. Nxc2 e5 12. b4 Bh6 13. Bxh6 Nxh6 14. Ne3 Rd7 15. Rd1 Rhd8 16. Rxd7 Rxd7 17. h4 Nd8 18. Bb5 Nc6 19. h5 g5 20. Rg1 f6 21. Ke2 a6 22. Bd3 Kc7 23. Bf5 Nxf5 24. Nxf5 Ne7 25. Nxe7 Rxe7 26. Ke3 Re6 27. Ke4 Kd7 28. Rd1+ Ke7 29. Rd5 Rc6 30. Kf5 a5 31. Rd6 axb4 32. cxb4 Rc8 33. Re6+ Kd7 34. Rxf6 Ra8 35. Rf7+ Kc6 36. Rf6+ Kd5 37. Rd6+ Kc4 38. Rb6 Rxa2 39. Rxb7 Rxf2 40. Kxg5 Rxf3 41. Rxh7 e4 42. Re7 Kxb4 43. c6 Kb5 44. c7 Rc3 45. h6 1-0

[Event "Groningen op 59th"]
[Site "Groningen"]
[Date "2023.12.29"]
[Round "8"]
[White "De Jong, Migchiel"]
[Black "Boer, Alef"]
[Result "1-0"]
[WhiteElo "2301"]
[BlackElo "2017"]
[PlyCount "89"]
[EventDate "2023.12.21"]
[EventType "swiss"]
[EventRounds "9"]
[EventCountry "NED"]
[SourceTitle "CBM 218 Extra"]
[Source "ChessBase"]
[SourceDate "2024.03.31"]
[SourceVersion "1"]
[SourceVersionDate "2024.03.31"]
[SourceQuality "1"]

1. e4 c5 2. Nf3 d6 3. Bb5+ Nd7 4. Ba4 a6 5. c3 Ngf6 6. d3 b5 7. Bc2 Bb7 8. Nbd2 e6 9. 0-0 Be7 10. Re1 Qc7 11. d4 0-0 12. Nf1 cxd4 13. cxd4 Rfc8 14. Bd3 e5 15. Ng3 Bf8 16. h3 g6 17. Bd2 Qb6 18. Be3 Qa5 19. a3 Qd8 20. Qd2 Bg7 21. Rad1 Qc7 22. Bh6 Bh8 23. Nf5 Re8 24. Rc1 Qb8 25. d5 Nh5 26. Ng3 Nxg3 27. fxg3 Bg7 28. Rf1 f6 29. g4 Qd8 30. Rce1 g5 31. Bxg7 Kxg7 32. Rf2 h6 33. Nh2 Nf8 34. Nf1 Nh7 35. Ng3 Bc8 36. Ref1 Rf8 37. Qe3 Bd7 38. Nh5+ Kg6 39. Kh2 Rf7 40. Rc2 Rc8 41. Qf2 Rf8 42. Rxc8 Bxc8 43. Rc1 Re8 44. Qa7 Re7 45. Rxc8 1-0

[Event "NED-chT 2324"]
[Site "Netherlands"]
[Date "2023.11.04"]
[Round "3.9"]
[White "Dugarov, Alexei"]
[Black "Boer, Alef"]
[Result "1-0"]
[WhiteElo "2190"]
[BlackElo "2026"]
[PlyCount "67"]
[EventDate "2023.09.16"]
[EventType "team-tourn"]
[EventRounds "9"]
[EventCountry "NED"]
[SourceTitle "EXT 2025"]
[Source "ChessBase"]
[SourceDate "2024.10.14"]
[SourceVersion "1"]
[SourceVersionDate "2024.10.14"]
[SourceQuality "1"]
[WhiteTeam "Den Bosch HMC"]
[BlackTeam "Groningen Combinatie"]
[WhiteTeamCountry "NED"]
[BlackTeamCountry "NED"]

1. e4 e6 2. d4 d5 3. exd5 exd5 4. Nf3 Nf6 5. Bg5 Be7 6. Bd3 Nc6 7. 0-0 0-0 8. c3 h6 9. Bh4 Re8 10. Nbd2 Nh7 11. Bg3 Bd6 12. Qc2 Nf8 13. Rae1 Rxe1 14. Rxe1 Bxg3 15. hxg3 Be6 16. Nh4 Qd6 17. f4 Re8 18. Nf5 Qd8 19. Ne3 Bc8 20. Kf2 Ne7 21. Qa4 Nc6 22. b4 a6 23. Bxa6 g5 24. fxg5 hxg5 25. Bd3 Qf6+ 26. Nf3 Rd8 27. Kg1 Ne7 28. Ne5 Qd6 29. Qd1 f6 30. N5g4 f5 31. Ne5 Nh7 32. Qh5 Rf8 33. Rf1 Nc6 34. Nxf5 1-0

[Event "Hoogeveen op 26th"]
[Site "Hoogeveen"]
[Date "2023.10.27"]
[Round "8"]
[White "Vogel, Jaap"]
[Black "Boer, Alef"]
[Result "1/2-1/2"]
[WhiteElo "2106"]
[BlackElo "2058"]
[PlyCount "29"]
[EventDate "2023.10.21"]
[EventType "swiss"]
[EventRounds "9"]
[EventCountry "NED"]
[SourceTitle "CBM 216 Extra"]
[Source "ChessBase"]
[SourceDate "2023.11.30"]
[SourceVersion "1"]
[SourceVersionDate "2023.11.30"]
[SourceQuality "1"]

1. d4 Nf6 2. Nf3 e6 3. c4 Nc6 4. g3 d5 5. Bg2 dxc4 6. Qa4 Bb4+ 7. Bd2 Bxd2+ 8. Nbxd2 0-0 9. Qxc4 Qd5 10. Rc1 Rd8 11. Qxd5 exd5 12. 0-0 Be6 13. e3 Rdc8 14. a3 Ne7 15. Ne5 1/2-1/2

[Event "Bruges Masters op"]
[Site "Bruges"]
[Date "2023.08.13"]
[Round "3"]
[White "Muetsch, Annmarie"]
[Black "Boer, Alef"]
[Result "1-0"]
[WhiteElo "2203"]
[BlackElo "2086"]
[PlyCount "87"]
[EventDate "2023.08.12"]
[EventType "swiss"]
[EventRounds "9"]
[EventCountry "BEL"]
[SourceTitle "CBM 215 Extra"]
[Source "ChessBase"]
[SourceDate "2023.09.30"]
[SourceVersion "1"]
[SourceVersionDate "2023.09.30"]
[SourceQuality "1"]

1. d4 d5 2. Bg5 h6 3. Bh4 c6 4. e3 Bf5 5. Nf3 Qb6 6. b3 e6 7. Bd3 Bxd3 8. Qxd3 Be7 9. 0-0 Bxh4 10. Nxh4 Nf6 11. Nd2 Nbd7 12. f4 a5 13. h3 Qa6 14. c4 b5 15. Rac1 bxc4 16. bxc4 0-0 17. Nhf3 c5 18. Ne5 dxc4 19. Ndxc4 cxd4 20. exd4 Rfd8 21. Qa3 Nd5 22. Nd6 Nxe5 23. fxe5 f5 24. Qf3 g6 25. Rc5 Kg7 26. Rfc1 Rd7 27. a4 Nb4 28. Qb3 Nd5 29. R1c2 Rad8 30. Qb5 Qxb5 31. Rxb5 Ra8 32. Rc6 Rda7 33. Rb7+ Rxb7 34. Nxb7 Kf7 35. Nc5 Nf4 36. Kf2 Rd8 37. Rc7+ Kg8 38. Nd7 Nd3+ 39. Ke3 Nb2 40. Nf6+ Kf8 41. d5 exd5 42. e6 d4+ 43. Kf3 Re8 44. Rf7# 1-0

[Event "Groningen op 58th"]
[Site "Groningen"]
[Date "2022.12.21"]
[Round "1"]
[White "Boer, Alef"]
[Black "Maatman, Nick"]
[Result "0-1"]
[WhiteElo "2091"]
[BlackElo "2348"]
[PlyCount "94"]
[EventDate "2022.12.21"]
[EventType "swiss"]
[EventRounds "9"]
[EventCountry "NED"]
[SourceTitle "CBM 211 Extra"]
[Source "ChessBase"]
[SourceDate "2023.01.31"]
[SourceVersion "1"]
[SourceVersionDate "2023.01.31"]
[SourceQuality "1"]

1. e4 e6 2. d4 d5 3. e5 c5 4. c3 Qb6 5. Nf3 Nc6 6. Bd3 cxd4 7. 0-0 Bd7 8. Nbd2 Nge7 9. Re1 Ng6 10. g3 dxc3 11. bxc3 Qc7 12. Qe2 Na5 13. Bb2 Rc8 14. h4 Bc5 15. h5 Ne7 16. Nd4 0-0 17. Rac1 f5 18. f4 b5 19. Kh2 Nc4 20. N2b3 Bb6 21. Ba1 a5 22. Nf3 Nc6 23. Nbd4 Nxd4 24. cxd4 Be8 25. Ng5 Qe7 26. Qf3 h6 27. Nh3 Qa3 28. Rcd1 Nb2 29. Bxb2 Qxb2+ 30. Re2 Qb4 31. g4 Rc3 32. g5 Qxd4 33. gxh6 gxh6 34. Rg2+ Kh8 35. Qg3 Rc7 36. Bxb5 Qe3 37. Bxe8 Qxg3+ 38. Rxg3 Rxe8 39. Rg6 Kh7 40. Rb1 Rc6 41. Ng5+ hxg5 42. fxg5 Re7 43. Rh6+ Kg8 44. Rf6 Bc7 45. Re1 Rc4 46. Kh3 Rg4 47. Rg6+ Rg7 0-1

[Event "Groningen op-A 55th"]
[Site "Groningen"]
[Date "2017.12.23"]
[Round "2"]
[White "Beukema, Jasper"]
[Black "Boer, Alef"]
[Result "1/2-1/2"]
[WhiteElo "2233"]
[BlackElo "2088"]
[PlyCount "103"]
[EventDate "2017.12.22"]
[EventType "swiss"]
[EventRounds "9"]
[EventCountry "NED"]
[SourceTitle "CBM 182 Extra"]
[Source "ChessBase"]
[SourceDate "2018.02.23"]
[SourceVersion "1"]
[SourceVersionDate "2018.02.23"]
[SourceQuality "1"]

1. d4 d5 2. Bf4 c5 3. e3 cxd4 4. exd4 Nc6 5. c3 Qb6 6. Qb3 Qxb3 7. axb3 Bf5 8. Na3 e6 9. b4 a6 10. Nf3 Nf6 11. Nb5 Rd8 12. Nc7+ Kd7 13. b5 axb5 14. Nxb5 Nh5 15. Be3 Be7 16. Be2 Nf6 17. 0-0 Ra8 18. h3 Ne4 19. Rfd1 Nd6 20. Bf4 f6 21. Rdc1 Na5 22. Nd2 Rhc8 23. Nxd6 Bxd6 24. Bb5+ Ke7 25. Be3 Bg6 26. b3 Nc6 27. Ba4 Bd3 28. c4 Bb4 29. Nf3 Be2 30. Bb5 Na5 31. Bd2 Bxd2 32. Nxd2 Nc6 33. Rxa8 Rxa8 34. Bxc6 bxc6 35. cxd5 cxd5 36. Rc7+ Kf8 37. b4 Ra3 38. Rc8+ Ke7 39. Rc1 Rd3 40. Rc2 Rxd4 41. Rb2 Bb5 42. f3 e5 43. Kf2 f5 44. g4 g6 45. gxf5 gxf5 46. Nb1 Rd3 47. Rc2 e4 48. fxe4 fxe4 49. Nc3 Bc4 50. Nxe4 dxe4 51. Rxc4 Rxh3 52. Rxe4+ 1/2-1/2

[Event "Groningen op-A 55th"]
[Site "Groningen"]
[Date "2017.12.23"]
[Round "3"]
[White "Boer, Alef"]
[Black "Hilwerda, Jonas"]
[Result "1-0"]
[WhiteElo "2088"]
[BlackElo "2094"]
[PlyCount "65"]
[EventDate "2017.12.22"]
[EventType "swiss"]
[EventRounds "9"]
[EventCountry "NED"]
[SourceTitle "CBM 182 Extra"]
[Source "ChessBase"]
[SourceDate "2018.02.23"]
[SourceVersion "1"]
[SourceVersionDate "2018.02.23"]
[SourceQuality "1"]

1. c4 c5 2. Nc3 Nc6 3. e3 e5 4. d3 Nf6 5. Qb3 Be7 6. Be2 0-0 7. Nf3 d6 8. 0-0 Qc7 9. Bd2 h6 10. Rac1 Be6 11. Nd5 Bxd5 12. cxd5 Nb8 13. e4 Nbd7 14. Qc2 Qd8 15. Ne1 Nh7 16. g3 g5 17. Bg4 Nhf6 18. Bf5 Ne8 19. Ng2 Ng7 20. Ne3 Qe8 21. b4 f6 22. Qb3 Nxf5 23. Nxf5 Kh7 24. Kg2 Rh8 25. h4 Kg6 26. Be3 b6 27. Rh1 Qf7 28. Qa4 Rhd8 29. hxg5 h5 30. Rxh5 Rh8 31. Rxh8 Rxh8 32. Qxd7 Qh7 33. Nxe7+ 1-0

[Event "Groningen op-A 55th"]
[Site "Groningen"]
[Date "2017.12.22"]
[Round "1"]
[White "Lubbe, Melanie"]
[Black "Boer, Alef"]
[Result "1-0"]
[WhiteElo "2345"]
[BlackElo "2088"]
[PlyCount "58"]
[EventDate "2017.12.22"]
[EventType "swiss"]
[EventRounds "9"]
[EventCountry "NED"]
[SourceTitle "CBM 182 Extra"]
[Source "ChessBase"]
[SourceDate "2018.02.23"]
[SourceVersion "1"]
[SourceVersionDate "2018.02.23"]
[SourceQuality "1"]

1. e4 Nf6 2. e5 Nd5 3. d4 d6 4. c4 Nb6 5. exd6 exd6 6. h3 Nc6 7. Nc3 Be7 8. Nf3 Bf5 9. Be3 0-0 10. b3 Bf6 11. Bd3 Bxd3 12. Qxd3 d5 13. c5 Nc8 14. 0-0 N8e7 15. Rab1 Qd7 16. b4 a6 17. a4 a5 18. b5 Nb4 19. Qd2 Nf5 20. Bf4 Rfe8 21. Rfe1 c6 22. Be5 Nh4 23. Nxh4 Bxh4 24. Na2 Nxa2 25. Qxa2 f6 26. bxc6 bxc6 27. Bd6 Rxe1+ 28. Rxe1 Re8 29. Qd2 Re4 1-0

[Event "Hoogeveen Unive op 19th"]
[Site "Hoogeveen"]
[Date "2015.10.18"]
[Round "2"]
[White "Bekedam, Tyro"]
[Black "Boer, Alef"]
[Result "0-1"]
[WhiteElo "1981"]
[BlackElo "2151"]
[PlyCount "80"]
[EventDate "2015.10.17"]
[EventType "swiss"]
[EventRounds "9"]
[EventCountry "NED"]
[SourceTitle "EXT 2017"]
[Source "ChessBase"]
[SourceDate "2016.10.25"]
[SourceVersion "1"]
[SourceVersionDate "2016.10.25"]
[SourceQuality "1"]

1. e4 Nf6 2. e5 Nd5 3. d4 d6 4. c4 Nb6 5. Nf3 Bg4 6. exd6 exd6 7. Be2 Nc6 8. 0-0 Be7 9. b3 0-0 10. Bb2 Bf6 11. Na3 Re8 12. Nc2 Bh5 13. Re1 a5 14. a3 a4 15. b4 Bxf3 16. gxf3 Qd7 17. Qd2 Qf5 18. Rad1 Bg5 19. Qd3 Qf6 20. Ne3 Bf4 21. Ng2 Bg5 22. Kh1 Ne7 23. Rg1 Ng6 24. Qc2 d5 25. c5 Nd7 26. Rde1 c6 27. Bd1 Rxe1 28. Rxe1 Ndf8 29. Qd3 Ne6 30. Bc2 Ngf8 31. Kg1 Qh6 32. Qf5 Ng6 33. Bb1 Bd2 34. Re2 Bc1 35. Qc2 Bxb2 36. Qxb2 Ngf4 37. Nxf4 Nxf4 38. Re5 f6 39. Re7 Qh3 40. Bxh7+ Kh8 0-1

[Event "Hoogeveen Unive op 19th"]
[Site "Hoogeveen"]
[Date "2015.10.17"]
[Round "1"]
[White "Boer, Alef"]
[Black "Werle, Jan"]
[Result "0-1"]
[WhiteElo "2151"]
[BlackElo "2524"]
[PlyCount "178"]
[EventDate "2015.10.17"]
[EventType "swiss"]
[EventRounds "9"]
[EventCountry "NED"]
[SourceTitle "EXT 2017"]
[Source "ChessBase"]
[SourceDate "2016.10.25"]
[SourceVersion "1"]
[SourceVersionDate "2016.10.25"]
[SourceQuality "1"]

1. c4 f5 2. g3 Nf6 3. Bg2 g6 4. Nc3 Bg7 5. d3 0-0 6. e4 Nc6 7. Nge2 d6 8. 0-0 e5 9. h3 Kh8 10. Be3 Be6 11. Nd5 Qd7 12. Kh2 Rae8 13. Qd2 Ng8 14. Rae1 Nd4 15. Bxd4 exd4 16. Ndf4 Bf7 17. exf5 gxf5 18. Bxb7 c6 19. Ba6 Ne7 20. b4 Rb8 21. b5 c5 22. Qc2 Bh6 23. a4 Qc7 24. Ra1 Ng6 25. Nd5 Bxd5 26. cxd5 Qa5 27. f4 Rfe8 28. Nc1 Re3 29. Nb3 Qb4 30. Rf2 Rbe8 31. b6 axb6 32. Bb5 R8e7 33. Qc4 Qc3 34. Rc1 Qxc4 35. Bxc4 Ra7 36. Ra1 Nf8 37. Bb5 Nd7 38. Nd2 Nf6 39. Nc4 Nxd5 40. Nxd6 Nc3 41. Bc4 Bf8 42. Nb5 Rxa4 43. Rxa4 Nxa4 44. Ra2 Nc3 45. Ra8 Kg7 46. Ra7+ Re7 47. Rxe7+ Bxe7 48. Kg2 Nd1 49. Na3 Kf6 50. Kf3 Bd8 51. Ba6 Bc7 52. Bb5 Ne3 53. Nc4 Nd5 54. Na3 h6 55. Bc4 Ne3 56. Ba6 Bd8 57. Bb5 Ke6 58. Ba6 Kd7 59. Bb5+ Kc7 60. Ba6 Nd5 61. Bc4 Kc6 62. Bb5+ Kb7 63. Bc4 Nc3 64. Nb5 Kc6 65. Na7+ Kd7 66. Nb5 Nd1 67. Na3 Bc7 68. Bb5+ Ke7 69. Ba6 Bb8 70. Bb5 Kd6 71. Ba6 Kc6 72. Bb5+ Kb7 73. Bc4 Nc3 74. Be6 b5 75. Bxf5 Bd6 76. h4 c4 77. Nc2 Bc5 78. g4 Kc6 79. g5 Kd5 80. gxh6 Bf8 81. h7 Bg7 82. h5 Kc5 83. h6 Bh8 84. dxc4 bxc4 85. Ne1 Na2 86. Bb1 Nc1 87. Ke4 Kd6 88. Nf3 Ne2 89. Bc2 Ng3# 0-1

[Event "Hoogeveen Unive op 18th"]
[Site "Hoogeveen"]
[Date "2014.10.15"]
[Round "5"]
[White "Boer, Alef"]
[Black "Raghavi, Nagarajan"]
[Result "0-1"]
[WhiteElo "2167"]
[BlackElo "2253"]
[PlyCount "82"]
[EventDate "2014.10.11"]
[EventType "swiss"]
[EventRounds "9"]
[EventCountry "NED"]
[SourceTitle "EXT 2015"]
[Source "ChessBase"]
[SourceDate "2014.11.20"]
[SourceVersion "1"]
[SourceVersionDate "2014.11.20"]
[SourceQuality "1"]

1. c4 Nf6 2. g3 e6 3. Nf3 c5 4. Bg2 d5 5. 0-0 Nc6 6. b3 Be7 7. Bb2 0-0 8. e3 d4 9. exd4 cxd4 10. Re1 Ne8 11. d3 f6 12. Na3 e5 13. Nc2 Nc7 14. a3 a5 15. Qd2 Na6 16. Rab1 Rb8 17. Ba1 Qd6 18. Nh4 g5 19. Bd5+ Kh8 20. Ng2 Bh3 21. Qe2 Nc7 22. Qh5 Bd7 23. Bf3 Rg8 24. g4 Ne6 25. Be4 Rg7 26. f3 b5 27. Qh3 Nc5 28. Qg3 Nd8 29. Qf2 bxc4 30. bxc4 Rxb1 31. Rxb1 Nxe4 32. dxe4 Be6 33. Qd2 Nc6 34. Nge1 Bxc4 35. Nd3 Rg8 36. Kf2 Rb8 37. Rxb8+ Qxb8 38. Nc1 Qb1 39. Kg3 Kg7 40. h4 h6 41. h5 Bb5 0-1

[Event "Hoogeveen Unive op 18th"]
[Site "Hoogeveen"]
[Date "2014.10.12"]
[Round "2"]
[White "Boer, Alef"]
[Black "Guramishvili, Sopiko"]
[Result "0-1"]
[WhiteElo "2167"]
[BlackElo "2381"]
[PlyCount "84"]
[EventDate "2014.10.11"]
[EventType "swiss"]
[EventRounds "9"]
[EventCountry "NED"]
[SourceTitle "EXT 2015"]
[Source "ChessBase"]
[SourceDate "2014.11.20"]
[SourceVersion "1"]
[SourceVersionDate "2014.11.20"]
[SourceQuality "1"]

1. c4 e6 2. g3 d5 3. Nf3 Nf6 4. Bg2 d4 5. e3 c5 6. 0-0 Nc6 7. exd4 cxd4 8. Re1 Bd6 9. d3 0-0 10. Na3 Re8 11. Nc2 e5 12. a3 a5 13. Rb1 a4 14. b4 axb3 15. Rxb3 Nd7 16. Ng5 h6 17. Ne4 Bf8 18. g4 Nc5 19. Nxc5 Bxc5 20. Rb5 Bd6 21. Qf3 Ra7 22. Qh3 Bd7 23. Be4 Bf8 24. Qg3 Be7 25. Bxc6 bxc6 26. Rbxe5 c5 27. f4 Bh4 28. Rxe8+ Bxe8 29. Rxe8+ Qxe8 30. Qxh4 Qe2 31. Ne1 Qd1 32. Bb2 Rb7 33. Qf2 Qb1 34. Bxd4 cxd4 35. Kf1 Re7 36. Qd2 Qb7 37. Kf2 Re3 38. h4 Rh3 39. Qb4 Rh2+ 40. Kg3 Qh1 41. Qb8+ Kh7 42. Qe5 Qg1+ 0-1

[Event "Maarssen OKU op-A"]
[Site "Maarssen"]
[Date "2013.06.01"]
[Round "2"]
[White "Boer, Alef"]
[Black "Van der Leij, Arjan GC"]
[Result "1-0"]
[WhiteElo "2154"]
[BlackElo "2069"]
[PlyCount "93"]
[EventDate "2013.05.31"]
[EventType "swiss"]
[EventRounds "6"]
[EventCountry "NED"]
[SourceTitle "CBM 154 Extra"]
[Source "ChessBase"]
[SourceDate "2013.06.25"]
[SourceVersion "2"]
[SourceVersionDate "2013.06.25"]
[SourceQuality "1"]

1. c4 e6 2. g3 d5 3. Nf3 Nf6 4. Bg2 Be7 5. 0-0 0-0 6. b3 b6 7. Bb2 Bb7 8. e3 dxc4 9. bxc4 c5 10. Nc3 Nc6 11. Qe2 Na5 12. Ne1 Qd7 13. f4 Bxg2 14. Kxg2 Rfd8 15. d3 a6 16. a4 Nc6 17. g4 Nb4 18. g5 Qc6+ 19. Kg1 Ne8 20. e4 Qd7 21. Rf3 g6 22. e5 Ng7 23. Ne4 Nc6 24. Nc2 Rab8 25. Nf6+ Bxf6 26. gxf6 Nf5 27. Rh3 Qe8 28. Ne3 Ncd4 29. Bxd4 Rxd4 30. Nxf5 exf5 31. Qf2 Qf8 32. Qh4 h5 33. Qg5 Kh7 34. Rxh5+ gxh5 35. Qxf5+ Kh6 36. Kf2 Qg8 37. Rg1 Qxg1+ 38. Kxg1 Rg8+ 39. Kf2 Rg4 40. Ke3 Rd8 41. e6 fxe6 42. Qxe6 Rf8 43. f5 Rg1 44. Kf2 Rg5 45. h4 Rg4 46. Kf3 Rg1 47. Qe3+ 1-0

[Event "Oberliga Nord W 1213"]
[Site "Germany"]
[Date "2013.03.17"]
[Round "8.7"]
[White "Meessen, Max"]
[Black "Boer, Alef"]
[Result "0-1"]
[WhiteElo "2182"]
[BlackElo "2154"]
[PlyCount "116"]
[EventDate "2012.10.14"]
[EventType "team-tourn"]
[EventRounds "9"]
[EventCountry "GER"]
[SourceTitle "EXT 2014"]
[Source "ChessBase"]
[SourceDate "2013.11.20"]
[SourceVersion "1"]
[SourceVersionDate "2013.11.20"]
[SourceQuality "1"]
[WhiteTeam "Oldenburg Union"]
[BlackTeam "Esens"]
[WhiteTeamCountry "GER"]
[BlackTeamCountry "GER"]

1. d4 d5 2. c4 e6 3. Nc3 Nf6 4. cxd5 exd5 5. Bg5 Be7 6. e3 c6 7. Bd3 Nbd7 8. Qc2 0-0 9. Nf3 Re8 10. h3 a5 11. 0-0 Nf8 12. a3 Bd6 13. e4 dxe4 14. Nxe4 Be7 15. Bxf6 Bxf6 16. Rad1 Be6 17. Nxf6+ Qxf6 18. Be4 a4 19. d5 cxd5 20. Bxd5 Rec8 21. Qe4 Bxd5 22. Qxd5 Qxb2 23. Rb1 Qxa3 24. Rxb7 Ne6 25. Rxf7 Qb3 26. Qd7 Rd8 27. Qe7 Re8 28. Qd7 Red8 29. Qe7 Qd5 30. Re1 Re8 31. Qb7 Qxb7 32. Rxb7 a3 33. Nd2 Nc5 34. Rxe8+ Rxe8 35. Ra7 Re2 36. Rxa3 Rxd2 37. Rf3 g6 38. g3 Kg7 39. Kg2 Nd3 40. Kg1 h5 41. h4 Ne5 42. Rf4 Ng4 43. Kg2 Rc2 44. Kg1 Ne5 45. Kf1 Rc4 46. Rxc4 Nxc4 47. Ke2 Kf6 48. Kd3 Nd6 49. Kd4 Kf5 50. f3 Nf7 51. Kd3 Nh6 52. Kd4 Ke6 53. Ke4 Nf5 54. Kf4 Kf6 55. g4 Nxh4 56. Kg3 hxg4 57. f4 Nf5+ 58. Kxg4 Ng7 0-1